00711nam a2200229Ia 4500003000900000008004100009020001800050040001600068080001800084100002600102245009200128260003500220300001000255650001900265650002300284650002200307650001400329650002200343942000700365999001500372952009400387IN-BaIIA211028s9999 xx 000 0 eng d a0-06-010937-8 cIIA Library a523.9-71bDAN aDaniels, George99722 0aSolar homes and sun heatingcGeorge Daniels  aNew YorkbHarper and Rowc1976 a178p. aNASA Thesaurus aSolar energy93295 aSolar homes99723 aSun91200 aSun heating99724 cBK c5599d5599 00104070aBANbBANcGENd1977-10-13l0o523.9-71/ DANp6267r2021-11-05w1977-10-13yBK